| 000 | 00984nam a2200289 c 4500 | ||
|---|---|---|---|
| 003 | BLK | ||
| 005 | 20250718093838.0 | ||
| 008 | 180411b bul|||||r ||||||| ||bul|| | ||
| 020 | _a9789543897445 | ||
| 040 | _aBLK | ||
| 041 |
_aBUL _cBUL |
||
| 080 |
_aАнглийска литература _b821.111 _x-312.4 _z821.111-312.4 |
||
| 100 |
_aРиндър, Роб _9489116 |
||
| 245 | 1 | 0 |
_aПроцесът _bРоман _cРоб Риндър; прев. от англ. Росица Тодорова |
| 260 |
_bЕра _c2023 _aСофия |
||
| 300 |
_a352 с. _c20 см |
||
| 380 | _aX | ||
| 490 | _aЕратрилър | ||
| 700 |
_aТодорова, Росица _d1949- _qИванова, Росица Тодорова _9472701 |
||
| 856 | 4 | _qpdf | |
| 856 | 4 | _qpdf | |
| 942 |
_cKNG _n0 _075 |
||
| 944 |
_cНора Радева _k30529 _lДиана Гривева _a30545 |
||
| 999 |
_c495428 _d495428 |
||
| 999 | _d495424 | ||
| 999 | _d177969 | ||